[Event "Alegre op"]
[Site "Alegre"]
[Date "2024.03.10"]
[Round "5"]
[White "Liesenfeld, Marcelo Leonardo"]
[Black "Da Silva, Icaro Ricardo Ribei"]
[Result "1/2-1/2"]
[WhiteElo "1641"]
[BlackElo "1800"]
[PlyCount "111"]
[EventDate "2024.03.08"]
[EventType "swiss"]
[EventRounds "5"]
[EventCountry "BRA"]
[SourceTitle "CB12_2024"]
[SourceDate "2023.10.01"]
[SourceVersion "1"]
[SourceVersionDate "2023.10.01"]
[SourceQuality "1"]

1. e4 e5 2. Bc4 d6 3. Nc3 Nf6 4. Nge2 b6 5. 0-0 Bb7 6. d3 h6 7. f4 Nbd7 8. f5 c6 9. d4 exd4 10. Nxd4 Ne5 11. Bd3 d5 12. Nf3 Bc5+ 13. Kh1 Nxd3 14. cxd3 dxe4 15. Nxe4 Nxe4 16. Qe2 0-0 17. dxe4 Qc8 18. f6 Ba6 19. Qe1 Bxf1 20. Qxf1 g5 21. e5 Qf5 22. h3 Bd4 23. Qe2 Bc5 24. Bd2 Rfe8 25. Rf1 Qxf6 26. Nxg5 Qxe5 27. Qxe5 Rxe5 28. Nxf7 Rf8 29. Nxh6+ Kh7 30. Nf7 Rd5 31. Bc3 Rd7 32. Ng5+ Kg6 33. Rxf8 Bxf8 34. Nf3 Bg7 35. Ne5+ Bxe5 36. Bxe5 Kf5 37. Bc3 Rd3 38. Kg1 Ke4 39. Kf2 a5 40. a3 a4 41. Bg7 b5 42. Bc3 c5 43. h4 Kf5 44. g3 Kg4 45. Be5 b4 46. Ke2 Rf3 47. h5 Rf5 48. Bd6 bxa3 49. bxa3 Rxh5 50. Ke3 Rd5 51. Bf8 Kxg3 52. Ke4 Rh5 53. Kd3 Rf5 54. Bd6+ Kf3 55. Kc4 Ke4 56. Bxc5 1/2-1/2